000 01113nam a2200229Ia 4500
001 10633
003 GE_BSU
008 181216s||||||||xx |||||||||||||| ||und||
020 _a9789994069385
040 _cGE_BSU
080 _a371.1+37.113.1
100 _aგოგლიჩიძე,ალუდა; კობახიძე,მაგდა; ლაცაბიძე,გიორგი.
245 _aდამხმარე სახელმძღვანელო სკოლის დირექტორებისათვის
245 _cრედ:მაია მენაბდე; წინასიტყვ:გია მამულაშვილი.
260 _aთბილისი
260 _bმასწავლებელთა პროფეს. განვითარების ეროვნ.ცენტრი
260 _c2011
300 _a176გვ;24სმ.
541 _h11ლ.50თ.
653 _aდამხმარე სახელმძღვანელო სკოლის დირექტორებისათვის
942 _cBK
999 _c43884
_d43884